| 000 | 01853cam a22003494a 4500 | ||
|---|---|---|---|
| 999 |
_c26506 _d26506 |
||
| 001 | 14386793 | ||
| 005 | 20170204143150.0 | ||
| 008 | 060523s2006 paua b 001 0 eng | ||
| 010 | _a 2006017108 | ||
| 020 | _a0812239881 (hardcover : alk. paper) | ||
| 020 | _a9780812239881 (hardcover : alk. paper) | ||
| 020 | _a9780812239881 | ||
| 035 | _a(OCoLC)ocm69645789 | ||
| 035 | _a(OCoLC)69645789 | ||
| 040 |
_aDLC _cDLC _dBAKER _dC#P _dBTCTA _dYDXCP _dDLC |
||
| 050 | 0 | 0 |
_aND237 _b.R7175A4 2006 |
| 100 | 1 | _aPeterson, Brian H. | |
| 245 | 1 | 0 |
_aForm radiating life : _bthe paintings of Charles Rosen / _cBrian H. Peterson ; with an essay by Tom Wolf. |
| 260 |
_aDoylestown, Pa. : _bJames A. Michener Art Museum ; _aPhiladelphia : _bUniversity of Pennsylvania Press, _cc2006. |
||
| 300 |
_a198 p. : _bill. (chiefly col.) ; _c32 cm. |
||
| 504 | _aIncludes bibliographical references and index. | ||
| 600 | 1 | 0 |
_aRosen, Charles, _d1878-1950 _vExhibitions. |
| 700 | 1 |
_aRosen, Charles, _d1878-1950. |
|
| 710 | 2 | _aJames A. Michener Art Museum. | |
| 710 | 2 | _aSamuel Dorsky Museum of Art. | |
| 856 | 4 | 1 |
_3Table of contents only _uhttp://www.loc.gov/catdir/toc/ecip0614/2006017108.html |
| 942 |
_2lcc _cBOOKS _hND237 .R7175A4 2006 |
||